000 00655nam a2200241Ia 4500
003 OSt
005 20220916111121.0
006 a|||||r|||| 00| 0
007 ta
008 220915b |||||||| |||| 00| 0 san d
024 _a253909
037 _cTextbook
040 _bsan
_aARTS
_cARTS
041 _asan
082 _aO15,1(Delta25)x, P8
100 _aSahoo Lalita Kumar Ed.
245 0 _aKamadhenuh
260 _aBhubaneswar
_bSmt. Basanti Dei Sceince Teacher India
300 _a152p.
_ccm.
650 _aENGLISH LITERATURE
942 _hO15,1(Delta25)x, P8
_cTB
_2CC
999 _c105893
_d105893